Normal view
MARC view
Entry Geographic Name
001 - CONTROL NUMBER
- control field: 13296
003 - CONTROL NUMBER IDENTIFIER
- control field: ARRUPE
005 - DATE AND TIME OF LATEST TRANSACTION
- control field: 20141210145021.0
008 - FIXED-LENGTH DATA ELEMENTS
- fixed length control field: 141210|| aca||aabn | a|a d
040 ## - CATALOGING SOURCE
- Original cataloging agency: ARRUPE
- Transcribing agency: ARRUPE
151 ## - HEADING--GEOGRAPHIC NAME
- Geographic name: Zimbabwe
- General subdivision: Climate.
670 ## - SOURCE DATA FOUND
- Source citation: Work cat.: (ARRUPE)0: The Bundu book of meteorology, wayfinding, and rock climbing., [1971]